| 000 | 00651nam a2200193 i 4500 | ||
|---|---|---|---|
| 001 | 11216 | ||
| 003 | ES-MaACL | ||
| 005 | 20230906150043.0 | ||
| 007 | t| | ||
| 008 | 960222s1995 sp ||||1| spa d | ||
| 080 | _a726.7(460.27) | ||
| 100 | 1 |
_aRull Sabater, Alberto. _9100979 |
|
| 245 | 1 | 0 |
_aDel antiguo al nuevo convento de Santo Domingo el Real / _cAlberto Rull Sabater. |
| 260 |
_aMadrid : _b[s.n.], _c1995. |
||
| 300 |
_ap. 389-402 ; _c24 cm. |
||
| 595 | _aTirada aparte de los Anales del Instituto de Estudios MadrileƱos, Tomo XXXV. | ||
| 610 | 2 |
_aConvento de Santo Domingo el Real (Madrid) _93284 |
|
| 852 |
_aES-MaACL _j2150-F-3 _bR.124727 |
||
| 999 |
_c11216 _d11216 |
||